Представление документа в формате MARC21

Поле Инд. ПП Название Значение
Тип записи a
Библиографический уровень m
001 _ Контрольный номер RU/ЭБС IPR BOOKS/67137
005 Дата корректировки 20250915131143.6
008 Кодируемые данные 211122s2015 RU y f j 000 1 rus u
020 a ISBN 978-601-7390-53-2
040 c Служба, преобразующая запись ЭБС IPR BOOKS
041 a Код языка текста rus
044 a Код страны публикации RU
080 a Индекс УДК 159.9
084 2 Источник индекса rubbk
a Индекс другой классификации/Индекс ББК 88.8я73
100 1_ a Автор Исхакова, Э. В.
4 Код отношения 070
245 a Заглавие Сказкотерапия как метод психологической работы с детьми подросткового и юношеского возраста
b Продолж. заглавия учебно-методическое пособие
c Ответственность Э. В. Исхакова, Х. Т. Шерьязданова
250 g 2022-08-21
a Основные сведения об издании Сказкотерапия как метод психологической работы с детьми подросткового и юношеского возраста
256 a Характеристики компьютерного файла Электрон. дан. (1 файл)
260 a Место издания Алматы
b Издательство Нур-Принт
c Дата издания 2015
300 a Объем 111 с.
500 a Примечание Книга находится в премиум-версии ЭБС IPR BOOKS.
516 a Прим. о типе комп. файла/ данных Текст
520 a Аннотация В учебно-методическом пособии представлены теоретические и практические основы метода сказкотерапии, как нового направления практической психологии. Учебно-методическое пособие содержит тренинг-программу для детей подросткового и юношеского возраста, направленная на развитие процессов самораскрытия, самопознания и формирования Я-концепции подростка. Учебно-методическое пособие адресовано психологам, педагогам, воспитателям, социальным работникам.
521 a Примеч. о целев. назн. Гарантированный срок размещения в ЭБС до 21.08.2022 (автопролонгация)
538 a Прим. о системных особенностях электронный
653 a Ключевые слова сказкотерапия
653 a Ключевые слова психологическая работа
653 a Ключевые слова дети
653 a Ключевые слова подростковый возраст
653 a Ключевые слова юношеский возраст
653 a Ключевые слова тренинг-программа
653 a Ключевые слова процесс самораскрытия
653 a Ключевые слова самопознание
653 a Ключевые слова Я-концепция
653 a Ключевые слова психологический анализ
700 1_ a Другие авторы Шерьязданова, Х. Т.
4 Код отношения 070
856 4_ u URL http://www.iprbookshop.ru/67137.html
z Примечание для пользователя Участвует в КО